Financial accounting (Record no. 8524)
[ view plain ]
| 000 -LEADER | |
|---|---|
| fixed length control field | 00498 a2200181 4500 |
| 020 ## - INTERNATIONAL STANDARD BOOK NUMBER | |
| International Standard Book Number | 0070213550 (alk. paper) |
| 040 ## - CATALOGING SOURCE | |
| Original cataloging agency | DLC |
| Language of cataloging | DLC |
| 082 00 - DEWEY DECIMAL CLASSIFICATION NUMBER | |
| Classification number | 657 |
| 100 1# - MAIN ENTRY--PERSONAL NAME | |
| Personal name | Eskew, Robert K., |
| 245 10 - TITLE STATEMENT | |
| Title | Financial accounting |
| Statement of responsibility, etc. | Robert K. Eskew, Daniel L. Jensen. |
| 250 ## - EDITION STATEMENT | |
| Edition statement | 5th ed. |
| 260 ## - PUBLICATION, DISTRIBUTION, ETC. | |
| Place of publication, distribution, etc. | New York : |
| Name of publisher, distributor, etc. | McGraw-Hill, |
| Date of publication, distribution, etc. | c1996. |
| 300 ## - PHYSICAL DESCRIPTION | |
| Extent | xxxi, 896 p. : |
| Other physical details | col. ill. ; |
| Dimensions | 29 cm. |
| 500 ## - GENERAL NOTE | |
| General note | Includes index. |
| 650 #0 - SUBJECT ADDED ENTRY--TOPICAL TERM | |
| Topical term or geographic name entry element | Accounting. |
| 700 1# - ADDED ENTRY--PERSONAL NAME | |
| Personal name | Jensen, Daniel L. |
| 942 ## - ADDED ENTRY ELEMENTS (KOHA) | |
| Koha item type | Book |
| Call number prefix | 657 ESK |
| Source of classification or shelving scheme | |
| Withdrawn status | Lost status | Damaged status | Not for loan | Collection code | Permanent Location | Current Location | Shelving location | Date acquired | Source of acquisition | Total Checkouts | Full call number | Barcode | Date last seen | Price effective from | Koha item type |
|---|---|---|---|---|---|---|---|---|---|---|---|---|---|---|---|
| Central Library (CL) | Central Library (CL) | General Stacks | 08/27/2001 | Donation | 657 ESK | SEECS001224 | 04/08/2021 | 01/05/2017 | Book |
